000 00350 a2200157 4500
001 185826
020 _a
040 _cMagnum
100 _aGuinho, Antonio
240 1 0 _aO velho que contava histórias
_lpor
245 1 0 _aO velho que contava histórias
300 _a20
362 0 _a1996
697 _aLITERATURA INFANTO-JUVENIL
942 _cBK
999 _c185826
_d185826